MDQL
is popping MORE tags! Check the
thread
!
Quizzes
Events
Quiz Creation
Community
Videos
Private Events
Remove Ads
Sign In
Join for FREE
Feedback
Dark Mode
Quiz Categories
Sports
Geography
Music
Movies
Television
Just For Fun
Miscellaneous
History
Literature
Language
Science
Gaming
Entertainment
Religion
Holiday
For Kids
Quiz Lab
Recent
Popular Today
Quiz Kudos Today
Editor Picks
Curator Picks
Quizzes by...
Day
Popularity
Type
Ratings
Length
Year
Community
Subscriptions
Recent Discussions
Orange Saloon
Badges
Playlists
Quests
Create
Leaderboards
Showdown
Live 5
Trivia Bingo
Activity
Puzzle Library
Sporcle Events
Private Events
Virtual Trivia
Globe League
Become a Host
Pub Owners
SporcleCon
Opinionation
Our Games
Videos
Blog
Mobile Apps
Partnerships
Remove Ads and Go Orange
Feedback
Gaming
Video Games
Board Games
Card Games
Pokémon
Mario
Nintendo
Minecraft
Console
Toys
Legend of Zelda
Gaming
Video Games
Board Games
Card Games
Pokémon
Mario
Nintendo
Minecraft
Console
Toys
Legend of Zelda
Random Quiz
Search Sporcle
×
Quiz Lab
Quiz Lab
Gaming
Pop Music
Type in answers that appear in a list
Type in answers that appear in a list
Classic
Best Score? Go Orange.
Heroes Funko Pops Stats
Can you name the Heroes Funko Pops?
By
Batmanlover
10m
300 Questions
32 Plays
32 Plays
32 Plays
Comments
Comments
Give Quiz Kudos
Give Quiz Kudos
-
- Ratings
hide this ad
Replay
Link that replays current quiz
Next Quiz
Link to next quiz in quiz playlist
You Got
0%
They Got
Avg Score
73%
Avg Friend Score
Upgrade to see
Score Distribution
Jump to the score distribution portion of the page
Score
0/300
Timer
10:00
0
Plays Today
Pop Number
Pop Name
% Correct
1
Batman
100%
19
Batman
100%
41
Batman
100%
51
Unmasked Batman
100%
52
Batman
100%
58
White Lantern: Batman
100%
62
Earth 2 Batman
100%
65
The Joker Batman
100%
69
Thrillkiller Batman
100%
71
Batman
100%
77
Bruce Wayne
100%
84
Batman
100%
88
Armored Batman
100%
89
Knightmare Batman
100%
111
Batman
100%
112
Armored Batman
100%
113
Unmasked Armored Batman
100%
117
Batman
100%
120
Steampunk Batman
100%
122
The Penguin Impopster
100%
123
Two-Face Impopster
100%
124
Harley Quinn Impopster
100%
125
Scarecrow Impopster
100%
126
The Riddler Impopster
100%
131
Batman (Underwater)
100%
132
Thomas Wayne
100%
133
Surf's Up Batman
100%
137
Zur En Arrh Batman
100%
139
White Lantern: Batman
100%
140
Golden Age Batman
100%
141
Super Friends Batman
100%
142
Earth 1 Batman
100%
143
Darkest Night Batman
100%
144
Batman
100%
151
Killer Croc Impopster
100%
152
Batman
100%
161
Negative Batman
100%
162
Professor Radium Batman
100%
163
Golden Midas Batman
100%
164
North Pole Camo Batman
100%
182
Jungle Batman
100%
188
Batman
100%
193
Batman (Robot)
100%
196
Interplanetary Batman
100%
200
Bruce Wayne
100%
204
Batman
100%
220
Yellow Lantern Batman
100%
239
Batman (Hush)
100%
256
Batman Who Laughs
100%
253
Batman the Dawnbreaker
100%
258
Batman
100%
271
Batman and Green Lantern
100%
259
Wonder Woman (Amazonia)
100%
270
Batman (First Appearence)
100%
278
Superman (First Appearence)
100%
277
Batmobile (1950)
100%
275
Batman (1989)
100%
280
Batman vs The Joker
100%
281
Batman and Robin
100%
282
Wonder Woman
100%
283
Batman (Red Death)
100%
284
Batman (SDCC Bag)
100%
286
Batman (Red Rain)
100%
287
Batman (Beyond)
100%
288
Batman (Damned)
100%
289
Batman (Forever)
100%
291
Batman and Catwoman
100%
291
Batman and Commissioner Gordon
100%
292
Batman (The Joker's Wild)
100%
293
Batman (Gamer)
100%
294
Batman (Gamer Chase)
100%
298
Wonder Woman (Funko Bag
100%
300
Batmite
100%
7
Superman
96.8%
29
Superman
96.8%
32
Superman
96.8%
33
Batman Beyond
96.8%
57
White Lantern: Superman
96.8%
60
Red Son Superman
96.8%
83
Blackest Night: Superman
96.8%
85
Superman
96.8%
114
Superman
96.8%
130
Superman (False God)
96.8%
145
Clark Kent
96.8%
159
Classic Superman
96.8%
207
Superman
96.8%
215
Superman #1
96.8%
251
Superman (Flying)
96.8%
254
Aquaman
96%
273
The Joker (Death in the Family)
93.8%
274
Robin (Red Wing)
93.8%
290
Harley Quinn (As Robin)
93.8%
295
The Joker (Gamer)
93.8%
296
The Joker (Gamer Chase)
93.8%
301
Harley Quinn (Mallet)
93.8%
302
Harley Quinn (Caution Tape)
93.8%
303
Harley Quinn (Black Mask Club)
93.8%
307
Harley Quinn (Rollar Derby)
93.8%
308
Harley Quinn (and Beaver)
93.8%
9
Green Lantern
93.5%
Pop Number
Pop Name
% Correct
11
Green Lantern
93.5%
16
Aquaman
93.5%
46
Blackest Night Batman
93.5%
87
Aquaman
93.5%
180
Green Lantern (John Stewart)
93.5%
199
Aquaman
93.5%
205
Aquaman
93.5%
210
Aquaman
93.5%
237
White Lantern: Kyle Rayner
93.5%
243
Arthur Curry
93.5%
244
Arthur Curry (Armor)
93.5%
245
Aquaman
93.5%
268
The Flash
92%
279
Harley Quinn
92%
240
The Joker (Hush)
92%
2
Robin
90.3%
6
The Joker
90.3%
8
Wonder Woman
90.3%
10
The Flash
90.3%
34
Harley Quinn
90.3%
36
The Joker
90.3%
37
The Joker (With Clown Mask)
90.3%
42
Robin
90.3%
44
The Joker
90.3%
45
Harley Quinn With Mallet
90.3%
47
Blue Lantern: The Flash
90.3%
53
The Joker
90.3%
54
Harley Quinn
90.3%
59
White Lantern: The Flash
90.3%
61
Star Sapphire Wonder Woman
90.3%
66
Harley Quinn
90.3%
70
White Lantern: Wonder Woman
90.3%
72
Harley Quinn
90.3%
86
Wonder Woman
90.3%
96
The Joker
90.3%
97
Harley Quinn
90.3%
104
The Joker (Boxer)
90.3%
105
Harley Quinn (HQ Inmate)
90.3%
107
The Joker (Suit)
90.3%
108
Harley Quinn (Gown)
90.3%
109
The Joker (Tuxedo)
90.3%
115
Carrie Kelly Robin
90.3%
116
The Joker
90.3%
121
Harley Quinn
90.3%
127
Harley Quinn Impopster
90.3%
134
Surf's Up Joker
90.3%
135
Dr Harleen
90.3%
146
The Joker (Killing Joke)
90.3%
147
The Joker (Grenade Damaged)
90.3%
153
Robin
90.3%
155
The Joker
90.3%
156
Harley Quinn
90.3%
166
Harley Quinn
90.3%
167
Wonder Woman
90.3%
170
The Joker (With Kisses)
90.3%
172
Wonder Woman
90.3%
175
Wonder Woman
90.3%
176
Diana Prince
90.3%
177
Wonder Woman
90.3%
178
Wonder Woman
90.3%
181
Wonder Woman
90.3%
201
The Flash (Unmasked)
90.3%
203
The Joker (Martha Wayne)
90.3%
206
Wonder Woman
90.3%
208
The Flash
90.3%
211
Wonder Woman (With Motherbox)
90.3%
226
Wonder Woman
90.3%
229
Wonder Woman
90.3%
233
Harley Quinn
90.3%
238
Wonder Woman (Flashpoint)
90.3%
242
Wonder Woman
90.3%
252
Dr Harleen Quinzel
90.3%
260
Shazam
88%
269
Catwoman
87.5%
128
Poison Ivy Impopster
87.1%
3
Batgirl
83.9%
20
Bane
83.9%
21
Catwoman
83.9%
22
The Black Flash
83.9%
43
Catwoman
83.9%
79
Selina Kyle
83.9%
136
Catwoman
83.9%
148
Batgirl
83.9%
154
Batgirl
83.9%
168
Batgirl
83.9%
186
Batgirl
83.9%
192
Bane
83.9%
194
Catwoman
83.9%
218
Bane
83.9%
225
Catwoman
83.9%
136
Batgirl
83.9%
56
Killer Croc
80.6%
102
Killer Croc
80.6%
150
Killer Croc (Hooded)
80.6%
14
Shazam
77.4%
55
Poison Ivy
77.4%
157
Poison Ivy
77.4%
171
Poison Ivy
77.4%
224
Poison Ivy
77.4%
230
Diana Prince
77.4%
Pop Number
Pop Name
% Correct
4
The Penguin
74.2%
5
The Riddler
74.2%
74
Scarecrow
74.2%
78
Oswald Cobblepot
74.2%
82
Swamp Thing
74.2%
183
The Riddler
74.2%
184
The Penguin
74.2%
195
Scarecrow
74.2%
67
The Phantom
71%
93
Supergirl
71%
185
Mr Freeze
71%
190
Mr Freeze
71%
213
Mera
71%
222
Supergirl
71%
246
Mera
71%
250
Mera (Dress)
71%
13
Two-Face
67.7%
17
Hawkman
67.7%
18
Martian Manhunter
67.7%
95
Cyborg
67.7%
98
Deadshot
67.7%
106
Deadshot (Masked)
67.7%
209
Cyborg
67.7%
212
Cyborg (With Motherbox)
67.7%
217
Martian Manhunter
67.7%
12
Sinestro
64.5%
35
Darkseid
64.5%
138
Hawkgirl
64.5%
219
Lex Luthor
64.5%
221
Batwoman
64.5%
223
Hawkgirl
64.5%
285
Huntress
62.5%
297
Batwoman
62.5%
305
Huntress
62.5%
92
Black Manta
61.3%
248
Black Manta
61.3%
30
General Zod
58.1%
99
Rick Flag
58.1%
306
Roman Sionis
56.3%
15
Green Arrow
54.8%
73
Arkham Knight
54.8%
158
Red Sonja
54.8%
197
Ares
54.8%
262
Mary
52%
23
Domo Batman
51.6%
24
Domo Dark Knight
51.6%
25
Domo Green Lantern
51.6%
26
Domo The Flash
51.6%
27
Domo Superman
51.6%
28
Domo Man of Steel
51.6%
31
Superboy
51.6%
40
Nightwing
51.6%
75
James Gordon
51.6%
100
Katana
51.6%
169
Katana
51.6%
191
Clayface
51.6%
202
Nightwing
51.6%
304
Black Canary (Booby Trap Battle)
50%
76
Harvey Bullock
48.4%
110
Enchantress
48.4%
173
Steve Trevor
48.4%
189
Man Bat
48.4%
49
Deathstroke
45.2%
50
Unmasked Deathstroke
45.2%
80
Fish Mooney
45.2%
129
Doomsday
45.2%
234
Death
45.2%
261
Freddy
44%
101
Boomerang
41.9%
266
Black Canary
40%
264
Darla
40%
187
King Tut
38.7%
214
Steppenwolf
38.7%
232
Ace The Bat Hound
38.7%
235
Krypto the Superdog
38.7%
265
Pedro
36%
165
Plastic Man
35.5%
174
Hippolyta
35.5%
39
Reverse Flash
32.3%
68
Black Lantern: Reverse Flash
32.3%
81
New 52 Reverse Flash
32.3%
91
Firestorm
32.3%
94
Power Girl
32.3%
103
Diablo
32.3%
198
Phantasm
32.3%
227
Antiope
32.3%
228
Etta Candy
32.3%
247
Orm
32.3%
263
Eugene
32%
231
Lobo
29%
90
Superman Soldier
25.8%
48
Judge Dredd
22.6%
64
Bizarro
22.6%
257
Duela Dent
20%
63
Gabriel
19.4%
236
Red Hood
19.4%
255
Constantine
16%
267
Mister Mxyzptlk
16%
276
Owlman
12.5%
179
Emerald City Crusader
6.5%
Quiz Playlist
Details
Report
Send in Message
Add To Playlist
Classic:
Type in answers that appear in a list
Last Updated: Dec 2, 2018
Quiz Scoreboard
CHALLENGE
Sign Up to Join the Scoreboard
Show All
Scores
Hide
Comments
May contain spoilers
Recently Published
1-10 Letter E Words III
by El_Dandy
Language
2m
Street Fighter Characters
by Artimus82
Gaming
60s
College Basketball Coaching Resumes
by pancakes188
Sports
9m
More to Explore
Quiz From the Vault
Featured Blog Post
Where Did the Easter Bunny Come From?
hide this ad
You Might Also Like...
Tags
Pop Music Quiz
Here
sub
theme
Today's Top Quizzes in Gaming
Browse Gaming
hide this ad
Today's Top Quizzes in Pop Music
Browse Pop Music
Top Contributed Quizzes in Gaming
1
5-to-1: Consoles
2
7-to-1: Board Game Piece Blitz
3
5-to-1: Legend of Zelda
4
League of Legends Pro Players by Career/Team History
5
Destiny 2 exotic weapons by perk icons
6
Ultimate Genshin Impact Logic Puzzle (up to 4.3)
7
Franchise by Action Figure
8
Who's on the WWE 2K24 Cover?
9
Genshin Impact Logic Puzzle Quiz
10
Order the Pokémon Regions
Explore More
Trending Topics
Marvel
Anime
NBA
Crossword
Harry Potter
Disney
Kpop
Puzzle
NFL
Country
WWE
The Office
Pokémon
Soccer
Song
hide this ad
More By:
Batmanlover
Quiz
Plays
Rating
Category
Featured
Created
Eastenders Characters by Most Episodes (Feb 2019)
2,640
4.75
Television
Feb 4, 2019
Harley Quinn Appearences
1,403
4.69
Entertainment
Dec 8, 2018
Arkham-Villains
936
4.67
Gaming
Jan 9, 2016
Harley Quinn
896
2.33
Just For Fun
Oct 13, 2014
Eastenders Characters by Most Episodes (April 2020)
640
Television
Apr 21, 2020
Go to Creator's Profile
Score Distribution
Quiz Creator Spotlight
Batmanlover
Follow
Send a Message
Quizzes Created
-
Created Quiz Play Count
-
More By This Creator
Popular Quizzes Today
1
Find the US States - No Outlines Minefield
2
Find the Countries of Europe - No Outlines Minefield
3
The Countries of the World
4
Find the US States
5
Risky Map Clicking: Biggest States A-Z
6
US States
7
Popular People in 1961
8
Movies - When Are They Set?
More Gaming Quizzes
Isogram Nintendo Characters by Picture
Editor's Pick
Trending Quizzes
Risky Map Clicking: Least Populous States A-Z
Billboard Blitz: Aretha Franklin
1-10 Letter G Words
Countries of the World: 200 Million BC
1-10 Letter F Words
Recently Updated
Leaping Animals
pecheneg
Reality TV Shows (A-Z)
bhenderson79
Rickey Henderson's Hall of Fame Teammates
pecheneg
Champions League XIs: Arsenal
pecheneg
Quick Pick: Celebrities in WWE's Hall of Fame
aduchscher
A-Z Keypad Blitz II
pecheneg
Multiple Oscar Actors
pecheneg
Mystery Phrase Blitz: Oscar 'Best Actors'
pecheneg
F. Scott Fitzgerald Novels
LTH
Pick 3 Villains
ddd62291
Trending Topics
Disney
Harry Potter
Anime
Marvel
Crossword
NBA
Kpop
Soccer
WWE
Puzzle
Country
Pokémon
The Office
NFL
Song
Your Account Isn't Verified!
In order to create a playlist on Sporcle, you need to verify the email address you used during registration. Go to your
Sporcle Settings
to finish the process.
Report this User
Report this user for behavior that violates our
Community Guidelines
.
Details:
Send Report
Go to the Sporcle.com Mobile Site →
Comments